Normal view
MARC view
- Mendiratta, Namita Rastogi, Parag
Entry Corporate Name
001 - CONTROL NUMBER
- control field: 114068
003 - CONTROL NUMBER IDENTIFIER
- control field: NUST
005 - DATE AND TIME OF LATEST TRANSACTION
- control field: 20230809094359.0
008 - FIXED-LENGTH DATA ELEMENTS
- fixed length control field: 230809|| aca||aabn | a|a d
040 ## - CATALOGING SOURCE
- Original cataloging agency: NUST
- Transcribing agency: NUST
110 ## - HEADING--CORPORATE NAME
- Corporate name or jurisdiction name as entry element: Mendiratta, Namita Rastogi, Parag
670 ## - SOURCE DATA FOUND
- Source citation: Work cat.: (NUST): Rastogi, S.C 2439, Bioinformatics:, 2003.
